Parasites and diseases of fish cultured in the tropics

محفوظ في:
التفاصيل البيبلوغرافية
المؤلف الرئيسي: Kabata, Z.
التنسيق: كتاب
اللغة:Undetermined
منشور في: London Taylor & Francis 1985
الموضوعات:
الوسوم: إضافة وسم
لا توجد وسوم, كن أول من يضع وسما على هذه التسجيلة!
Thư viện lưu trữ: Trung tâm Học liệu Trường Đại học Cần Thơ
LEADER 00590nam a2200217Ia 4500
001 CTU_68193
008 210402s9999 xx 000 0 und d
020 |b 105 
082 |a 639.30913 
082 |b K11 
100 |a Kabata, Z. 
245 0 |a Parasites and diseases of fish cultured in the tropics 
245 0 |c Z. Kabata 
260 |a London 
260 |b Taylor & Francis 
260 |c 1985 
650 |a Fishes,Fish-culture,Fishes 
650 |x Diseases,Parasites 
650 |z Tropics,Tropics,Tropics 
904 |i Minh 
980 |a Trung tâm Học liệu Trường Đại học Cần Thơ